Statistics for A Perfectly Good Heart Lyrics

Click here to take the quiz!

General Stats

  • This quiz has been taken 5 times
  • The average score is 191 of 226

Answer Stats

Answer% Correct
a
100%
apart
100%
away
100%
be
100%
can't
100%
do
100%
don't
100%
How
100%
I
100%
love
100%
me
100%
No
100%
our
100%
take
100%
the
100%
to
100%
way
100%
Why
100%
would
100%
you
100%
all
75%
and
75%
And
75%
believe
75%
break,
75%
break
75%
by
75%
first
75%
get
75%
good
75%
heart
75%
It
75%
it
75%
make
75%
matter
75%
now
75%
on
75%
one
75%
perfectly
75%
say
75%
scar
75%
seen
75%
sense
75%
should've
75%
signs,
75%
still
75%
tear
75%
that
75%
That
75%
very
75%
walk
75%
wanna
75%
was
75%
what
75%
back
50%
before
50%
but
50%
distance
50%
eyes
50%
fall
50%
in
50%
It's
50%
Maybe
50%
not
50%
read
50%
realized
50%
wall
50%
writing
50%
your
50%
anymore
25%
unbroken
25%

Score Distribution

Percentile by Number Answered

Percent of People with Each Score

Your Score History

You have not taken this quiz